000 00530nam a2200157Ia 4500
003 SGT
020 _a9789350140000
082 _a005.12,CHO
100 _aCHOPRA, RAJIV
245 _aObject oriented software engineering (OOSE)
260 _bS.K. Kataria & SONS
_aN.Delhi
_c2010
300 _a279p.
650 _aCOMPUTER SCIENCE
653 _aINTRODUCTION TO SOFTWARE ENGINEERING,REQUIREMENTS ELICITATION,MODELING WITH UML,ARCHITECTURE,CONSTRUCTION,ANALYSIS,TESTING APPENDICES,PREVIOUS YEARS EXAMINATION PAPERS
942 _2ddc
_cBK
999 _c4930
_d4930